[Event "Araraquara op 2nd"]
[Site "Araraquara"]
[Date "2024.02.13"]
[Round "7"]
[White "Moreira, Alexandre Augusto"]
[Black "Pereira da Silva, Breno D Alkmin"]
[Result "0-1"]
[WhiteElo "1783"]
[BlackElo "1953"]
[PlyCount "92"]
[EventDate "2024.02.10"]
[EventType "swiss"]
[EventRounds "7"]
[EventCountry "BRA"]
[SourceTitle "CB09_2024"]
[SourceDate "2024.02.28"]
[SourceVersion "1"]
[SourceVersionDate "2024.02.28"]
[SourceQuality "1"]

1. e4 c5 2. Nf3 Nc6 3. d4 cxd4 4. Nxd4 Nf6 5. Nc3 g6 6. Be3 Bg7 7. Bc4 0-0 8. Bb3 d6 9. f3 Na5 10. Qd2 Nxb3 11. axb3 h5 12. h3 a6 13. 0-0-0 Qa5 14. Kb1 Kh7 15. g4 Rh8 16. g5 Ne8 17. Qf2 Nc7 18. Nde2 Bxc3 19. Nxc3 Ne6 20. Nd5 Qd8 21. f4 Ng7 22. Bb6 Qf8 23. Nc7 Be6 24. Nxa8 Qxa8 25. Bd4 Qc8 26. h4 Rf8 27. Bc3 Bg4 28. Bxg7 Kxg7 29. Rd2 f6 30. Qd4 Kh7 31. e5 Qc6 32. Re1 dxe5 33. fxe5 fxg5 34. hxg5 Be6 35. Rf2 Rh8 36. Ref1 Bf5 37. Rd2 Rc8 38. Rff2 Qe6 39. Qd5 Bxc2+ 40. Ka2 Qxd5 41. Rxd5 Bf5 42. Rfd2 h4 43. R5d4 h3 44. Rc4 Rxc4 45. bxc4 Be4 46. Rd4 h2 0-1

[Event "Sao Carlos Paulista-ch op"]
[Site "Sao Carlos"]
[Date "2023.09.09"]
[Round "6"]
[White "Trevisan de Lima, Victor"]
[Black "Pereira da Silva, Breno D Alkmin"]
[Result "1/2-1/2"]
[WhiteElo "1880"]
[BlackElo "1953"]
[PlyCount "104"]
[EventDate "2023.09.07"]
[EventType "swiss"]
[EventRounds "7"]
[EventCountry "BRA"]
[SourceTitle "EXT 2024"]
[Source "ChessBase"]
[SourceDate "2023.10.10"]
[SourceVersion "1"]
[SourceVersionDate "2023.10.10"]
[SourceQuality "1"]

1. d4 Nf6 2. c4 e6 3. Nf3 b6 4. g3 Bb7 5. Bg2 Be7 6. 0-0 0-0 7. Nc3 d6 8. Re1 Nbd7 9. e4 e5 10. d5 a5 11. b3 Nc5 12. Rb1 Bc8 13. h3 h6 14. Qc2 Nh7 15. Nd2 f5 16. a3 fxe4 17. Ndxe4 Bf5 18. b4 Nxe4 19. Bxe4 Bxe4 20. Nxe4 Bg5 21. Bb2 Qd7 22. Kg2 axb4 23. axb4 Be7 24. h4 Qg4 25. Qe2 Qf5 26. Ra1 Rae8 27. Ra7 Bd8 28. Ra3 Qg6 29. Kh2 Nf6 30. f3 Nh5 31. Rg1 Rf7 32. Rd3 Ref8 33. c5 bxc5 34. bxc5 Be7 35. Ba3 Rd8 36. cxd6 cxd6 37. Rc3 Bf8 38. Rc6 Rfd7 39. Rgc1 Nf6 40. Nxf6+ Qxf6 41. Qe4 Ra8 42. Bb4 Qf7 43. Rc8 Ra2+ 44. R1c2 Ra4 45. Kg2 Rb7 46. R2c4 Ra2+ 47. Rc2 Rxc2+ 48. Rxc2 Rb5 49. Rd2 Qb7 50. Bc3 Rc5 51. Bb2 Rb5 52. Bc3 Rc5 1/2-1/2

[Event "Araraquara op"]
[Site "Araraquara"]
[Date "2023.02.21"]
[Round "6.18"]
[White "Pereira da Silva, Breno D Alkmin"]
[Black "Godinho, Bruno Cesar Ferreir"]
[Result "0-1"]
[WhiteElo "1922"]
[BlackElo "1778"]
[PlyCount "66"]
[EventDate "2023.02.19"]
[EventType "swiss"]
[EventRounds "6"]
[EventCountry "BRA"]
[SourceTitle "CBM 213 Extra"]
[Source "ChessBase"]
[SourceDate "2023.05.31"]
[SourceVersion "1"]
[SourceVersionDate "2023.05.31"]
[SourceQuality "1"]

1. e4 c6 2. d4 d5 3. Nc3 dxe4 4. Nxe4 Nf6 5. Nxf6+ exf6 6. Be3 Bd6 7. Qd2 0-0 8. Nf3 Re8 9. Bd3 Bg4 10. 0-0-0 b5 11. Rde1 Qc7 12. d5 a6 13. h3 Bxf3 14. gxf3 c5 15. Be4 Nd7 16. Kb1 Nb6 17. b3 a5 18. Rhg1 a4 19. Rxg7+ Kxg7 20. Bh6+ Kh8 21. Bg7+ Kxg7 22. Rg1+ Kf8 23. Bxh7 Re5 24. Be4 axb3 25. cxb3 Nc4 26. Qh6+ Ke7 27. Rg7 Rf8 28. bxc4 bxc4 29. Qh7 Qa5 30. Kc1 Qe1+ 31. Kc2 Qe2+ 32. Kc1 Rg5 33. Rxg5 Bf4+ 0-1

[Event "BRA-ch U2300 Amateurs"]
[Site "Sao Paulo"]
[Date "2022.06.18"]
[Round "6"]
[White "Pereira da Silva, Breno D Alkmin"]
[Black "Urquiza, Marcello de Albuque"]
[Result "0-1"]
[WhiteElo "1917"]
[BlackElo "2028"]
[PlyCount "120"]
[EventDate "2022.06.16"]
[EventType "swiss"]
[EventRounds "7"]
[EventCountry "BRA"]
[SourceTitle "CBM 208 Extra"]
[Source "ChessBase"]
[SourceDate "2022.07.31"]
[SourceVersion "1"]
[SourceVersionDate "2022.07.31"]
[SourceQuality "1"]

1. e4 c5 2. Nf3 e6 3. d4 cxd4 4. Nxd4 a6 5. Be2 Nf6 6. Nc3 Qc7 7. 0-0 d6 8. Be3 Nbd7 9. Kh1 b5 10. a3 Bb7 11. f3 Be7 12. Qe1 d5 13. exd5 Nxd5 14. Nxd5 Bxd5 15. Rd1 0-0 16. Qd2 Nf6 17. Rfe1 Rfd8 18. Qc1 Bd6 19. Bg1 Bf4 20. Qb1 h5 21. b3 Rac8 22. c4 bxc4 23. bxc4 Bxc4 24. Bxc4 Qxc4 25. g3 Bb8 26. Qb7 Rd7 27. Qb1 Rcd8 28. Rc1 Qd5 29. Rf1 Rc7 30. Rcd1 Rdc8 31. Nb3 Qb7 32. Nc5 Qa8 33. Qd3 Ba7 34. Ne4 Nxe4 35. fxe4 Bxg1 36. Kxg1 Rc4 37. Qf3 Qa7+ 38. Kh1 Qb7 39. Rde1 R8c5 40. g4 hxg4 41. Qxg4 Re5 42. Rf4 Rcxe4 43. Rfxe4 f5 44. Qh5 Qc6 45. Qd1 Rxe4 46. Qd8+ Kf7 47. Rxe4 Qxe4+ 48. Kg1 Qb1+ 49. Kg2 Qa2+ 50. Kg1 Qxa3 51. Qc7+ Qe7 52. Qb6 Qg5+ 53. Kh1 Qc1+ 54. Kg2 Qc4 55. Qb7+ Kg6 56. Qd7 Qg4+ 57. Kh1 f4 58. h4 f3 59. h5+ Qxh5+ 60. Kg1 Qg4+ 0-1

[Event "BRA-ch U2300 Amateurs"]
[Site "Sao Paulo"]
[Date "2022.06.17"]
[Round "4"]
[White "Sekula, Markley Ribas"]
[Black "Pereira da Silva, Breno D Alkmin"]
[Result "1/2-1/2"]
[WhiteElo "2046"]
[BlackElo "1917"]
[PlyCount "135"]
[EventDate "2022.06.16"]
[EventType "swiss"]
[EventRounds "7"]
[EventCountry "BRA"]
[SourceTitle "CBM 208 Extra"]
[Source "ChessBase"]
[SourceDate "2022.07.31"]
[SourceVersion "1"]
[SourceVersionDate "2022.07.31"]
[SourceQuality "1"]

1. Nf3 Nf6 2. c4 e6 3. g3 c5 4. Bg2 g6 5. 0-0 Bg7 6. d4 cxd4 7. Nxd4 0-0 8. b3 d5 9. Bb2 dxc4 10. bxc4 Qb6 11. Qb3 Nfd7 12. e3 Nc6 13. Rd1 Nxd4 14. Bxd4 Qc7 15. Nc3 a6 16. Rac1 Qa5 17. Na4 Bxd4 18. exd4 Rb8 19. c5 b5 20. Nb2 Qc7 21. Nd3 a5 22. f4 Rd8 23. Ne5 Nxe5 24. fxe5 Ba6 25. Qe3 b4 26. d5 exd5 27. e6 Bc4 28. e7 Re8 29. Bxd5 Bxd5 30. Rxd5 Rxe7 31. Qd4 Re6 32. Rf1 Qc6 33. Rd7 Re2 34. Rd8+ Rxd8 35. Qxd8+ Qe8 36. Qd5 Qe3+ 37. Kh1 Qe4+ 38. Qxe4 Rxe4 39. Rc1 Re7 40. c6 Rc7 41. Rc5 a4 42. Kg2 b3 43. axb3 axb3 44. Rb5 Rxc6 45. Rxb3 Rc2+ 46. Kg1 Kg7 47. Rb7 Re2 48. Rd7 Kf6 49. Rb7 Re7 50. Rb6+ Kg5 51. Kf2 Ra7 52. Rb2 f5 53. Kg2 Ra4 54. Rc2 h5 55. Rb2 h4 56. Rc2 hxg3 57. hxg3 Kg4 58. Rb2 g5 59. Rc2 Ra3 60. Rc5 f4 61. gxf4 gxf4 62. Rc2 Rb3 63. Ra2 Rg3+ 64. Kf2 Rh3 65. Kf1 Kg3 66. Rg2+ Kf3 67. Rf2+ Ke4 68. Re2+ 1/2-1/2

[Event "Pocos de Caldas op"]
[Site "Pocos de Caldas"]
[Date "2022.03.13"]
[Round "5"]
[White "Soares, Joao Carlos TC"]
[Black "Pereira da Silva, Breno D Alkmin"]
[Result "0-1"]
[WhiteElo "2080"]
[BlackElo "1806"]
[PlyCount "80"]
[EventDate "2022.03.11"]
[EventType "swiss"]
[EventRounds "6"]
[EventCountry "BRA"]
[SourceTitle "CBM 207 Extra"]
[Source "ChessBase"]
[SourceDate "2022.05.31"]
[SourceVersion "1"]
[SourceVersionDate "2022.05.31"]
[SourceQuality "1"]

1. d4 Nf6 2. c4 e6 3. Nf3 b6 4. a3 Bb7 5. Nc3 d5 6. cxd5 Nxd5 7. e3 Be7 8. Qa4+ Qd7 9. Qc2 Nxc3 10. bxc3 Qc8 11. Bd3 h6 12. 0-0 Nd7 13. Qe2 c5 14. e4 0-0 15. Be3 Rd8 16. Nd2 Nf6 17. f4 c4 18. Bc2 b5 19. f5 exf5 20. Rxf5 Bxe4 21. Bxe4 Nxe4 22. Raf1 Nd6 23. Rc5 Qd7 24. Bf4 Rac8 25. Rd5 Qb7 26. Qh5 g6 27. Qxh6 Qxd5 28. Be5 f6 29. Bxf6 Bxf6 30. Rxf6 Rf8 31. Qxg6+ Kh8 32. Qh6+ Kg8 33. Qg6+ Kh8 34. Qh6+ Kg8 35. Rxd6 Qf5 36. Rg6+ Kf7 37. Nf3 Qb1+ 38. Kf2 Qc2+ 39. Ke1 Rce8+ 40. Ne5+ Rxe5+ 0-1

[Event "BRA-ch U14"]
[Site "Juiz de Fora"]
[Date "2021.10.12"]
[Round "6"]
[White "Pereira da Silva, Breno D Alkmin"]
[Black "Rosa, Gabriel Redon"]
[Result "1-0"]
[WhiteElo "1810"]
[BlackElo "1672"]
[PlyCount "81"]
[EventDate "2021.10.09"]
[EventType "swiss"]
[EventRounds "6"]
[EventCountry "BRA"]
[SourceTitle "EXT 2023"]
[Source "ChessBase"]
[SourceDate "2022.10.05"]
[SourceVersion "1"]
[SourceVersionDate "2022.10.05"]
[SourceQuality "1"]

1. e4 c6 2. d4 d5 3. e5 Bf5 4. h4 h5 5. Bd3 Bxd3 6. Qxd3 e6 7. Bg5 Qb6 8. Nd2 c5 9. c3 Nc6 10. Ngf3 cxd4 11. cxd4 Bb4 12. 0-0 Bxd2 13. Qxd2 Nge7 14. Bxe7 Nxe7 15. Rac1 g6 16. Rc2 Nc6 17. Rfc1 a5 18. Qf4 Qd8 19. Rc5 Rf8 20. b3 Qe7 21. Qd2 Kd7 22. a3 Rfc8 23. Qc3 Qd8 24. Ng5 Ke8 25. b4 axb4 26. axb4 Ne7 27. Qd2 b6 28. R5c3 Rxc3 29. Rxc3 Rc8 30. Nh7 Nf5 31. g3 Rc7 32. Nf6+ Kf8 33. b5 Qc8 34. Rxc7 Qxc7 35. Qb4+ Ne7 36. Qa3 Qb7 37. Qd6 Kg7 38. Qd8 Qa7 39. Nd7 Nf5 40. Qf8+ Kh7 41. Nf6# 1-0

[Event "BRA-ch U14"]
[Site "Juiz de Fora"]
[Date "2021.10.11"]
[Round "5"]
[White "De Siqueira, Luigy Lira"]
[Black "Pereira da Silva, Breno D Alkmin"]
[Result "1/2-1/2"]
[WhiteElo "1903"]
[BlackElo "1810"]
[PlyCount "81"]
[EventDate "2021.10.09"]
[EventType "swiss"]
[EventRounds "6"]
[EventCountry "BRA"]
[SourceTitle "EXT 2023"]
[Source "ChessBase"]
[SourceDate "2022.10.05"]
[SourceVersion "1"]
[SourceVersionDate "2022.10.05"]
[SourceQuality "1"]

1. e4 c5 2. Nf3 g6 3. d4 cxd4 4. Nxd4 Bg7 5. Nc3 Nc6 6. Be3 Nf6 7. Bc4 0-0 8. Bb3 Ng4 9. Qxg4 Nxd4 10. Qd1 Nxb3 11. axb3 a6 12. Nd5 d6 13. Bb6 Qd7 14. Bd4 Bxd4 15. Qxd4 Qd8 16. 0-0 Be6 17. f4 Bxd5 18. exd5 Qc7 19. c4 b5 20. Kh1 Rfc8 21. f5 Qc5 22. Qe4 bxc4 23. fxg6 hxg6 24. Rac1 Qb5 25. Qxe7 Qe8 26. Qxe8+ Rxe8 27. bxc4 Re2 28. b3 Rb8 29. Rf6 Rxb3 30. Rxd6 Rc3 31. Rf1 Rxc4 32. Rxa6 Rd4 33. Rd6 Re5 34. Rd8+ Kg7 35. d6 Re6 36. Rd7 Rf6 37. Kg1 Rxf1+ 38. Kxf1 Kf6 39. Ke2 Ke6 40. Re7+ Kf6 41. Rd7 1/2-1/2

[Event "Nizami Ganjavi 880 years U17"]
[Site "Tornelo INT"]
[Date "2021.04.02"]
[Round "1.8"]
[White "Pereira da Silva, Breno D Alkmin"]
[Black "Pusara, Mihailo"]
[Result "1-0"]
[WhiteElo "1810"]
[BlackElo "1507"]
[PlyCount "53"]
[EventDate "2021.04.02"]
[EventType "team-swiss (blitz)"]
[EventRounds "9"]
[EventCountry "AZE"]
[SourceTitle "EXT 2023"]
[Source "ChessBase"]
[SourceDate "2022.10.05"]
[SourceVersion "1"]
[SourceVersionDate "2022.10.05"]
[SourceQuality "1"]
[WhiteTeam "Brasil JXT"]
[BlackTeam "Montenegro"]
[WhiteTeamCountry "BRA"]
[BlackTeamCountry "MNE"]

1. e4 c5 2. Nf3 d6 3. d4 cxd4 4. Nxd4 Nf6 5. Nc3 a6 6. Be2 e6 7. 0-0 Be7 8. Be3 0-0 9. Kh1 Qc7 10. f4 b5 11. Bf3 Bb7 12. e5 dxe5 13. fxe5 Nfd7 14. Bf4 Nc6 15. Nxc6 Bxc6 16. Bxc6 Qxc6 17. Qe2 Nb6 18. Qg4 Kh8 19. Bg5 Bxg5 20. Qxg5 b4 21. Ne2 Qxc2 22. Nf4 h6 23. Qg3 Nc4 24. Rac1 Qxb2 25. Rxc4 Qxe5 26. Rxb4 g5 27. Ng6+ 1-0

[Event "Catanduva op"]
[Site "Catanduva"]
[Date "2020.03.14"]
[Round "4"]
[White "Pimenta, Breno Andrade"]
[Black "Pereira da Silva, Breno D Alkmin"]
[Result "1/2-1/2"]
[WhiteElo "1665"]
[BlackElo "1835"]
[PlyCount "92"]
[EventDate "2020.03.13"]
[EventType "swiss"]
[EventRounds "6"]
[EventCountry "BRA"]
[SourceTitle "CBM 195 Extra"]
[Source "ChessBase"]
[SourceDate "2020.05.31"]
[SourceVersion "1"]
[SourceVersionDate "2020.05.31"]
[SourceQuality "1"]

1. e4 c5 2. Nf3 Nc6 3. d4 cxd4 4. Nxd4 g6 5. Nc3 Bg7 6. Be3 Nf6 7. Be2 0-0 8. Qd2 d5 9. exd5 Nxd5 10. Nxd5 Qxd5 11. Bf3 Qd8 12. Nxc6 Qxd2+ 13. Bxd2 bxc6 14. 0-0 Bf5 15. Bb4 Rab8 16. Bxe7 Rfe8 17. Ba3 Bxb2 18. Bxb2 Rxb2 19. Bxc6 Rc8 20. Ba4 Bxc2 21. Rfc1 Kf8 22. h3 Ke7 23. Re1+ Kf6 24. Re2 h5 25. f3 Rb1+ 26. Rxb1 Bxb1 27. Rb2 Bd3 28. Kf2 Rc4 29. Bb3 Rb4 30. Rd2 Bf5 31. Rd6+ Be6 32. Ra6 Rb6 33. Rxb6 axb6 34. Bxe6 Kxe6 35. Ke3 Ke5 36. h4 b5 37. g3 b4 38. Kd3 Kd5 39. g4 f5 40. gxh5 gxh5 41. Ke3 Kc4 42. Kd2 f4 43. Kc2 Kc5 44. Kd3 Kb5 45. Kd4 Ka4 46. Kc5 Ka5 1/2-1/2

[Event "Catanduva op"]
[Site "Catanduva"]
[Date "2020.03.13"]
[Round "2"]
[White "De Souza, Raul Eduardo Moreir"]
[Black "Pereira da Silva, Breno D Alkmin"]
[Result "0-1"]
[WhiteElo "1555"]
[BlackElo "1835"]
[PlyCount "70"]
[EventDate "2020.03.13"]
[EventType "swiss"]
[EventRounds "6"]
[EventCountry "BRA"]
[SourceTitle "CBM 195 Extra"]
[Source "ChessBase"]
[SourceDate "2020.05.31"]
[SourceVersion "1"]
[SourceVersionDate "2020.05.31"]
[SourceQuality "1"]

1. e4 c5 2. Nf3 Nc6 3. d4 cxd4 4. Nxd4 g6 5. Nc3 Bg7 6. Be3 d6 7. Qd2 Nf6 8. f3 0-0 9. g4 Bd7 10. 0-0-0 Rc8 11. h4 h5 12. gxh5 Nxh5 13. Nxc6 bxc6 14. Bh6 Qa5 15. Bxg7 Kxg7 16. Qg5 Qxg5+ 17. hxg5 Rh8 18. Ne2 Nf4 19. Rxh8 Nxe2+ 20. Bxe2 Rxh8 21. Kd2 f6 22. gxf6+ Kxf6 23. Ke3 g5 24. Rg1 Rh3 25. Bf1 Rh2 26. Be2 Be8 27. Rf1 Bh5 28. Rf2 Rh3 29. Bf1 Rg3 30. Be2 Ke5 31. Rh2 Bxf3 32. Kf2 Kf4 33. Bd3 g4 34. a4 Rh3 35. Rxh3 gxh3 0-1

[Event "Florianopolis op 5th"]
[Site "Florianopolis"]
[Date "2019.01.27"]
[Round "10"]
[White "Pereira da Silva, Breno D Alkmin"]
[Black "Jodorcovsky, Paulo Leonardo"]
[Result "0-1"]
[WhiteElo "1982"]
[BlackElo "1722"]
[PlyCount "68"]
[EventDate "2019.01.21"]
[EventType "swiss"]
[EventRounds "10"]
[EventCountry "BRA"]
[SourceTitle "EXT 2020"]
[Source "ChessBase"]
[SourceDate "2019.10.17"]
[SourceVersion "1"]
[SourceVersionDate "2019.10.17"]
[SourceQuality "1"]

1. e4 c5 2. Nf3 Nc6 3. d4 cxd4 4. Nxd4 Nf6 5. Nc3 e5 6. Nb3 Bb4 7. Bd3 d5 8. exd5 Nxd5 9. Bd2 Nxc3 10. bxc3 Be7 11. 0-0 0-0 12. Re1 Be6 13. Be4 Rc8 14. Rb1 f5 15. Bxc6 Rxc6 16. Qe2 Bf6 17. Rbd1 Qc7 18. Qe3 b6 19. h3 Rd8 20. Qg3 Rcd6 21. f4 Bxb3 22. cxb3 Rxd2 23. Rxd2 Rxd2 24. fxe5 Rd5 25. Qf3 Rxe5 26. Rxe5 Bxe5 27. Qxf5 Qc5+ 28. Kh1 Qd6 29. Qc8+ Kf7 30. Qf5+ Ke7 31. Qg5+ Qf6 32. Qc1 Qf4 33. Qg1 Qg3 34. c4 Bd6 0-1

[Event "Florianopolis op 5th"]
[Site "Florianopolis"]
[Date "2019.01.26"]
[Round "9"]
[White "Campagnolo, Fabiola"]
[Black "Pereira da Silva, Breno D Alkmin"]
[Result "1/2-1/2"]
[WhiteElo "1797"]
[BlackElo "1982"]
[PlyCount "52"]
[EventDate "2019.01.21"]
[EventType "swiss"]
[EventRounds "10"]
[EventCountry "BRA"]
[SourceTitle "EXT 2020"]
[Source "ChessBase"]
[SourceDate "2019.10.17"]
[SourceVersion "1"]
[SourceVersionDate "2019.10.17"]
[SourceQuality "1"]

1. e4 c5 2. Nf3 Nc6 3. d4 cxd4 4. Nxd4 g6 5. Nb3 Bg7 6. Nc3 Nf6 7. f3 d6 8. Bg5 h6 9. Be3 h5 10. Qd2 0-0 11. 0-0-0 Be6 12. h3 Bxb3 13. cxb3 Rc8 14. Kb1 Qa5 15. g4 a6 16. Be2 Rfd8 17. f4 e6 18. gxh5 Nxh5 19. Rhg1 Nf6 20. Rg5 Qc7 21. f5 d5 22. fxg6 dxe4 23. gxf7+ Qxf7 24. Qe1 Rxd1+ 25. Bxd1 Nb4 26. Bd4 Nc6 1/2-1/2

[Event "Catanduva 100 Years"]
[Site "Catanduva"]
[Date "2018.04.07"]
[Round "2"]
[White "Shiroma, Silvio Haruo"]
[Black "Pereira da Silva, Breno D Alkmin"]
[Result "1-0"]
[WhiteElo "2204"]
[BlackElo "1493"]
[PlyCount "113"]
[EventDate "2018.04.07"]
[EventType "tourn"]
[EventRounds "5"]
[EventCountry "BRA"]
[SourceTitle "EXT 2019"]
[Source "ChessBase"]
[SourceDate "2018.10.10"]
[SourceVersion "1"]
[SourceVersionDate "2018.10.10"]
[SourceQuality "1"]

1. f4 d5 2. Nf3 g6 3. g3 Bg7 4. Bg2 Nf6 5. 0-0 0-0 6. d3 c5 7. Nc3 Qb6 8. Kh1 Rd8 9. Ne5 Nc6 10. Na4 Qb5 11. Nxc6 Qxc6 12. c4 Qc7 13. Qc2 d4 14. e4 Bd7 15. e5 Ng4 16. h3 Nh6 17. g4 f5 18. g5 Nf7 19. Rg1 Bc6 20. b4 Bxg2+ 21. Qxg2 cxb4 22. Rb1 a5 23. a3 Qc6 24. Qxc6 bxc6 25. c5 bxa3 26. e6 Nh8 27. Bxa3 h6 28. h4 hxg5 29. hxg5 Rdb8 30. Rb6 Nf7 31. exf7+ Kxf7 32. Rgb1 Rh8+ 33. Kg2 Rh4 34. Rh1 Rxf4 35. Bc1 Rg4+ 36. Kf2 Rc8 37. Rb7 Ra8 38. Kf3 Be5 39. Rh7+ Bg7 40. Bf4 Kg8 41. Rh1 e5 42. Rxg7+ Kxg7 43. Bxe5+ Kf7 44. Rh7+ Ke6 45. Bf6 Re8 46. Rc7 Rh4 47. Nb6 Rh3+ 48. Ke2 Rh2+ 49. Kd1 Rh1+ 50. Kc2 Rh2+ 51. Kb3 Rh4 52. Kc4 Rg4 53. Nd7 f4 54. Ne5 Rxg5 55. Rxc6+ Kf5 56. Nf7 Rg1 57. Nh6# 1-0